000 00625nam a2200205Ia 4500
005 20250508165328.0
008 008 250505s9999 xx 000 0 eng d
037 _aReference
040 _aFEDL
_beng
_cFEDL
041 _aeng
_2eng
084 _a378.5, BIG/RR
_qFEDL
100 _aBigalke Terance W Ed.
_9780514
245 0 _aHigher education in Asia/ Pacific: Quality and the public good
260 _aHampshire, UK
_bPalgrave Macmilllan
_c2009
300 _axxviii, 268p.
365 _aGBP
_b63
700 _a Neubauer Deane E Ed.
_9780515
942 _cREF
_h378.5, BIG/RR
999 _c1394489
_d1394489